000 00809cam a2200253 4500500
005 20260405003839.0
041 _afre
042 _adc
100 1 0 _aPépin, Charles
_eauthor
245 0 0 _a“Dois-je rester fidèle à ma vocation si je ne peux plus exercer mon métier correctement ?” Charles Pépin répond à vos dilemmes
260 _c2024.
500 _a60
690 _aCharles Pépin
690 _aDilemme
690 _aDilemme moral
690 _aHôpital
690 _aMédecine
690 _aPrivé
690 _aRenoncement
690 _aService public
690 _aVocation
786 0 _nPhilosophie magazine | 180 | 6 | 2024-06-01 | p. 19-19 | 1951-1787
856 4 1 _uhttps://shs.cairn.info/magazine-philosophie-magazine-2024-6-page-19?lang=fr&redirect-ssocas=7080
999 _c2071395
_d2071395